Ubrania na literę D - Statystyki

Ogólne statystyki
  • Ten quiz został rozwiązany 86 razy
    85 od ostatniego zresetowania
  • Średni wynik to 3 z 6
Statystyki odpowiedzi
Ubranie % Poprawnych
dres
86%
dżinsy
77%
dresy
42%
dżokejka
32%
dzwony
28%
drewniaki
17%
Nie znaleziono quizów pasujących do podanych kryteriów
Rozkład punktacji
Procent ludzi z każdym wynikiem
Percentyl według liczby udzielonych odpowiedzi
Twoja historia wyników
Nie rozwiązałeś tego quizu od ostatniego zresetowania